000 00939nam a2200241Ia 4500
003 OSt
005 20220923215210.0
006 a|||||r|||| 00| 0
007 ta
008 220922b |||||||| |||| 00| 0 hin d
024 _a176,513
037 _cTextual
040 _aARTS
_cARTS
_bhin
041 _2hin
_ahin
082 _aO152,1:gN, L6
100 _aउपाध्याय, विश्वम्भरनाथ; उपाध्याय, मंजुल
_9162786
245 0 _aसमकालीन कविता की भूमिका
246 _aSamakālīn kavitā kī bhūmikā
260 _aदिल्ली
_b मैकमिलन कम्पनी
_c1976
650 _aहिन्दी साहित्य
_9156264
942 _hO152,1:gN, L6
_cTEXL
_2CC
999 _c330063
_d330063